000 00728nam a2200253Ia 4500
003 OSt
005 20220925214706.0
006 a|||||r|||| 00| 0
007 ta
008 220923b |||||||| |||| 00| 0 eng d
020 _a071463204X
037 _cGeneral Book
040 _aRTL
_cRTL
_beng
041 _2eng
_aeng
082 _aW:77.3.N40<--N14, M4
100 _aConstantine Stephen
_9280955
245 0 _aMaking of British colonial development policy 1914
260 _aLondon
_bFrank Cass
_c1984
300 _axii,326p
_ccm.
500 _aBibliography: p 308-318
650 _aImperialism
942 _hW:77.3.N40<--N14, M4
_cGB
_2CC
999 _c566296
_d566296